01172nam a2200217 a 450000100060000000300090000600800410001504000280005608200140008410000350009824501100013326000600024330000090030350502460031259001030055865000550066165000600071694200120077699900170078895201490080520955CO-ViMGA141112s2004 ck r 000 u spa d aCO-ViMGAbspacCO-ViMGA04a986 R637C1 aRodriguez Freylle, Juan93014810aEl Carnero : bConquista y descubrimiento del nuevo reino de granada que comprende hasta el año de 1638 aBogotá : bMinisterio de Educación Nacional, c1955 a460p aLos primeros conquistadores de este reino 13 - - Costumbres, ritos y ceremonias 44 - - Cómo guatativa escondió sus tesoros 78 - - El gobierno del Doctor Don Francisco Guillen 232 - - Los arzobispos y prebendados de la santa iglesia 395  aForma de adquisición : Donación - - Precio : 10000 - - Fecha de adquisición : Noviembre 200614aBogotá (COLOMBIA) - HISTORIA - HASTA 163893014914aCOLOMBIA - HISTORIA - DESCUBRIMIENTO Y CONQUISTA955457 2ddccBK c29797d29797 01102ddc44708003aMEVIECARbMEVIECARd2015-12-04hVolumen. 1 | 11/jun/2009l0o986 R637C p20955r2015-12-04 00:00:00tEj. 1w2015-12-04yBK